000
00303cam a2200145ua 4500
001
5124
008
120402n II |||gr||||Z||||||eng
040
_a
MAIN
041
_a
English
082
_a
954 MAH
100
_a
MAHAJAN , V.D.
245
_a
ANCIENT INDIA
653
_a
South Asia India
942
_c
BK
999
_c
5109
_d
5109